| 000 | 00851cam a2200241 a 4500 | ||
|---|---|---|---|
| 001 | 12345867 | ||
| 005 | 20180314085049.0 | ||
| 008 | 010313s2001 nyua b 001 0 eng | ||
| 010 | _a 2001026022 | ||
| 020 | _a0670030260 (hardcover) | ||
| 040 |
_aDLC _cDLC _dDLC |
||
| 041 | _aeng | ||
| 042 | _apcc | ||
| 080 | _a751.409 HOC | ||
| 082 | 0 | 0 |
_a751.409 HOC _221 |
| 100 | 1 | _a44 | |
| 101 | _aART | ||
| 245 | 1 | 0 |
_aSecret knowledge : _cDavid Hockney. |
| 504 | _aIncludes bibliographical references (p. 287-289) and index. | ||
| 906 |
_a7 _bcbc _corignew _d1 _eocip _f19 _gy-gencatlg |
||
| 942 |
_2ddc _cBK |
||
| 999 |
_c45024 _d45024 |
||